000 00279nam a2200109 a 4500
005 20201002044920.0
008 140403s1971 000 spa d
100 _aLondon, Jack
_944404
245 4 _aLos vagabundos.
260 _aMadrid -- Libra,
_c1971 -- 188 p.
999 _c43169
_d43169
040 _aDO-SdBNP